000 01163nam a22003617a 4500
003 CHAP
005 20220329143649.0
008 101129s2000 us r 00010 eng d
010 _a99983
011 _a100955
020 _a0387989579
035 _a111641
040 _cCHAP
082 1 4 _a001.6424
_bP65
100 1 _aPinheiro, José C.
_988200
245 1 0 _aMixed - effects models in S and S-PLUS
_c/por José C. Pinheiro y Douglas M. Bates
260 _aNew York :
_bSpringer,
_cc2000
300 _a528 p. :
_bgráfs., tablas
490 _aStatistics and computing
590 _aBATCH-UPD
_b10
_c20130110
_lUCH01
_h1622
590 _aBATCH-UPD
_b10
_c20130410
_lUCH01
_h1016
590 _aBATCH-UPD
_b10
_c20130914
_lUCH01
_h0547
590 _aCONVERSION
_b10
_c20130109
_lUCH01
_h1355
650 1 4 _aLenguajes de programación.
_965989
650 1 4 _aModelos estadísticos.
_976417
650 1 4 _aProgramación lineal.
_992371
700 1 _aBates, Douglas M.
_910792
830 0 _aStatistics and computing
_9109525
901 _aBK
911 _aen proceso
942 _cLIBRO
949 _a001.6424 P65
_bBC
_cLIBRO
_d33724002226330
_eLIBRO
_h113914
_i111641
_sb
999 _c99983
_d99983